| 000 | 00698nam a2200229Ii 4500 | ||
|---|---|---|---|
| 003 | JO-AjNU | ||
| 008 | 230605s9999||||xx |||||||||||||| ||und|| | ||
| 017 | _a2013/7/2274 | ||
| 020 | _a978-9957-30-654-0 | ||
| 040 |
_aJO-AjNU _bara _erda _cJO-AjNU |
||
| 041 | _aara | ||
| 050 | 1 | 4 | _aPJ7840 2015 |
| 100 | 3 |
_aتأليف النجار، إيمان, _eauthor _948238 |
|
| 245 | 0 | 0 | _aأنا وشيطاني: قصص |
| 250 | _aط1 | ||
| 264 | 3 | 1 | _aعمان:دار فضاءات للنشر والتوزيع،2013 |
| 300 | _a111ص | ||
| 336 |
_atext _btxt _2rdacontent |
||
| 337 |
_aunmediated _bn _2rdamedia |
||
| 338 |
_avolume _bnc _2rdacarrier |
||
| 650 | 4 |
_aالأدب العربي - قصص _948239 |
|
| 999 |
_aA21111 _c24679 _d24679 |
||